00472 2200169 4500245007800000020002200078250001100100100002900111700001100140650002400151005001900175260004500194041001400239084001100253300002900264336000900293 aManajemen Pemasaranb : Teori & StrategicSaida Zainurossalamia ZAhText a978-623-94022-2-8 aCet. 1 aSaida Zainurossalamia ZA aHamdan aManajemen Pemasaran a20230414133804 aLombok TengahbForum Pemuda Aswajac2020 aIndonesia a658.81 aviii, 136 hlm. :c22 cm. atext